| 000 | 00408nam a22001697a 4500 | ||
|---|---|---|---|
| 005 | 20160531104630.0 | ||
| 008 | 160531b xxu||||| |||| 00| 0 eng d | ||
| 020 | _a981-243-121-7 | ||
| 041 | _aeng | ||
| 082 | _b6260 | ||
| 100 |
_aO'Guinn, Allen, Semarik _91571 |
||
| 245 | _aAdvertising and Integrated Brand Promotion | ||
| 260 |
_bTMH _c2003 |
||
| 300 | _a725 | ||
| 650 |
_aManagement _9241 |
||
| 942 | _cBK | ||
| 999 |
_c2215 _d2214 |
||